QUEST Central Library Banner

Right way to improve your English / (Record no. 8079)

MARC details
000 -LEADER
fixed length control field 00418nam a2200133 a 4500
100 1# - MAIN ENTRY--AUTHOR NAME
Personal name Abraham, T.C.
245 14 - TITLE STATEMENT
Title Right way to improve your English /
260 ## - PUBLICATION, DISTRIBUTION, ETC. (IMPRINT)
Place of publication New Delhi :
Name of publisher Commonwealth ,
Year of publication 2009.
300 ## - PHYSICAL DESCRIPTION
Number of Pages 628.ABR p.
856 40 - ELECTRONIC LOCATION AND ACCESS
Uniform Resource Identifier http://www.amazon.com/exec/obidos/ASIN/chopaconline-20
Holdings
Withdrawn status Lost status Home library Current library Date acquired Cost, normal purchase price Full call number Accession Number Koha item type Collection code
  Lost and Paid For Central Library, QUEST, Nawabshah Central Library, QUEST, Nawabshah 16/07/2014 1155.00 628ABR 42428 Books  
    Central Library, QUEST, Nawabshah Central Library, QUEST, Nawabshah 16/07/2014 1155.00 628ABR 42429 Books  
    Reference Section Reference Section 16/07/2014 1155.00 628ABR (Shelf - 25A) 42430 Books Reference

Copyright © 2018,The QUEST, Nawabshah, Shaheed Benazirabad. All rights reserved
Mr. G. Farooq Channar (Librarian) QUEST, Nawabshah, Sindh, Pakistan 67480.
 Ph#: |   0244-9370381-4 Ext. 2308   Email| lib@quest.edu.pk   Web|  http://www.quest.edu.pk